00534nam a2200169Ia 450000500170000000800410001702000180005804100120007608200130008810000280010124501120012925000120024126000360025330000190028965000290030865000270033720260429112207.0260429s9999||||xx |||||||||||||| ||und|| a9789387867567 aEnglish a934bIYE aIyengar, P. T. Srinivas 0aHistory of the Indian people life in ancient India : bin the age of the mantras / cP. T. Srinivas Iyengar a1st ed. aChennai : bMaven Books,c2023. ax, 140 p.; pbk a Social life and customs aIndia-History, Ancient